| 000 | 00630nam a22001577a 4500 | ||
|---|---|---|---|
| 020 | _a978-0-3494-1368-6 | ||
| 082 |
_a100 _bNEW/D |
||
| 100 | _aNEWPORT, CAL | ||
| 245 | _aDEEP WORK | ||
| 246 |
_aDEEP WORK _bDEEP WORK |
||
| 260 |
_aBRITAIN _bGRAND CENTRAL PUBLISHING _c2016 |
||
| 300 | _a296 | ||
| 520 | _aDeep Work (2016) is all about how the rise of technology has wrecked our ability to concentrate deeply on tasks – and how to overcome this blockade. These blinks illustrate different strategies that can help you improve the output of your work and get the most out of your free time. | ||
| 650 | _aPHILOSOPHY | ||
| 942 | _cBK | ||
| 999 |
_c6893 _d6893 |
||